Personnages Volonté du D. ( One Piece ) - Statistiques

Statistiques générales
  • Ce quiz a été pris 212 fois
    202 depuis la dernière actualisation
  • Le résultat moyen est 11 sur 13
Statistiques - réponses
Par images Réponse % Correct
Ace
99%
Dragon
99%
Law
99%
Luffy
99%
Garp
98%
Roger
98%
Teach
96%
Vivi
95%
Xebec
88%
Rouge
85%
Cobra
82%
Sauro
63%
Lamy
38%
Aucun quiz correspondant
Distribution des résultats
% des personnes avec chaque résultat
Percentile par nombre de réponses
Votre historique - résultats
Vous n’avez pas pris ce quiz depuis la dernière actualisation